00347nam a2200121Ia 4500008004100000041000800041082001500049100001700064245004600081260003900127300001700166520004200183240719s9999 xx 000 0 und d aeng a612.68 ATT aAttia, Peter aOutlive: The Science and Art of Longevity aLondonbPenguin Random Housec2023 a482; P. 22cm aFaculty purchase by Dr. S. Maheswaran